| 000 | 00626nam a2200181 4500 | ||
|---|---|---|---|
| 001 | 131460 | ||
| 003 | ES-MaACL | ||
| 005 | 20251004063152.0 | ||
| 007 | t| | ||
| 008 | 070214s1957 dr r ||||1| spa d | ||
| 100 | 1 |
_aRodríguez Demorizi, Emilio, _d1908-1986 _998490 |
|
| 245 | 1 | 0 |
_aInvasión inglesa de 1655 / _cEmilio Rodríguez Demorizi ; notas adicionales de Fray Cipriano de Utrera. |
| 260 |
_aCiudad Trujillo : _bMontalvo, _c1957. |
||
| 300 |
_a262 p. ; _c24 cm. |
||
| 500 | _aEs separata de: Boletín del Archivo General de la Nación. | ||
| 852 |
_aES-MaACL _jC-14590 _bR.42505 |
||
| 999 |
_c131460 _d131460 |
||